ՀՀ Գիտությունների ազգային ակադեմիայի հիմնարար գիտական գրադարան  =   Fundamental Scientific Library of NAS RA

Очерки истории Марийской АССР. (1917-1960 гг.) / (Record no. 451519)

MARC details
000 -LEADER
fixed length control field 01159nam a2200217 a 4500
003 - CONTROL NUMBER IDENTIFIER
control field AM-YEHGA
005 - DATE AND TIME OF LATEST TRANSACTION
control field 20250617160342.0
008 - FIXED-LENGTH DATA ELEMENTS--GENERAL INFORMATION
fixed length control field 180614s1960 ru ab|||r|||||001|0|rus||
040 ## - CATALOGING SOURCE
Original cataloging agency AM-YeHGA
041 0# - LANGUAGE CODE
Language code of text/sound track or separate title rus
090 ## - LOCALLY ASSIGNED LC-TYPE CALL NUMBER (OCLC); LOCAL CALL NUMBER (RLIN)
-- 454459
245 00 - TITLE STATEMENT
Title Очерки истории Марийской АССР. (1917-1960 гг.) /
Statement of responsibility, etc. [Ред. коллегия: доц., канд. ист. наук А.В. Хлебников (отв. ред.) и др.]; Марийский науч.-исслед. ин-т языка, литературы и истории.
260 ## - PUBLICATION, DISTRIBUTION, ETC.
Place of publication, distribution, etc. Йошкар-Ола :
Name of publisher, distributor, etc. [Маркнигоиздат],
Date of publication, distribution, etc. 1960.
300 ## - PHYSICAL DESCRIPTION
Extent 450 с., 1 л. портр., 3 л. карт. :
Other physical details ил. ;
Dimensions 21 см.
504 ## - BIBLIOGRAPHY, ETC. NOTE
Bibliography, etc. note Библиогр. в подстроч. примеч.
650 14 - SUBJECT ADDED ENTRY--TOPICAL TERM
Topical term or geographic name entry element История России
653 0# - INDEX TERM--UNCONTROLLED
Uncontrolled term Марийская АССР - История
700 1# - ADDED ENTRY--PERSONAL NAME
Personal name Хлебников, Алексей Васильевич
Relator term ред.
Relationship edt
710 2# - ADDED ENTRY--CORPORATE NAME
Corporate name or jurisdiction name as entry element Марийский научно-исследовательский институт языка, литературы и истории (Йошкар-Ола
942 ## - ADDED ENTRY ELEMENTS (KOHA)
Source of classification or shelving scheme Universal Decimal Classification
Koha item type Գրքեր / Books
Holdings
Withdrawn status Lost status Source of classification or shelving scheme Damaged status Not for loan Collection Home library Current library Date acquired Total checkouts Full call number Barcode Date last seen Price effective from Koha item type Public note
    Universal Decimal Classification     General Fundamental Scientific Library Fundamental Scientific Library 28/09/2020   PII/38469 FL0633324 28/09/2020 28/09/2020 Գրքեր / Books 30 Days Loan


ՀՀ ԳԱԱ հիմնարար գիտական գրադարան
ՀՀ,Երևան 0019
Մարշալ Բաղրամյան 24/6
հեռախոս:(374-10) 52-47-50
Հետադարձ կապ

All site content, except where otherwise noted, is licensed under a
Creative Commons License